Top 100 Famous Women - Statistics

General Stats
  • This quiz has been taken 1,956 times
    1,914 since last reset
  • The average score is 42 of 98
Answer Stats
Hint Answer % Correct
Married then divorced to Prince Charles. Died in a car accident in Paris. Princess Diana
96%
Queen of England during the 16th century. Made England Protestant. Queen Elizabeth I
90%
British monarch since 1953. Queen Elizabeth II
90%
Last Pharaoh of Egypt. Personally involved with Mark Anthony and Julius Caesar. Cleopatra
84%
Teenage author of a dairy. Died in Bergen concentration camp. Anne Frank
83%
Queen of the British Empire in the 19th century Queen Victoria
83%
Actress, model and icon of the 50s and 60s. Sang happy birthday to the husband of #7 Marilyn Monroe
82%
Author of the Harry Potter series JK Rowling
78%
American singer, actress and dancer. Lead singer of Destiny's Child. Known by her first name Beyonce Knowles
75%
Young woman who inspired the French in their fight against the English. Burnt at the stake as a witch. Joan of Arc
75%
"Iron Lady" British Prime Minister Margaret Thatcher
75%
Born in Austria, Queen of France and guillotined during the Revolution Marie Antoinette
75%
African American talk show host, book club, magazine and television station owner Oprah Winfrey
74%
Albanian nun who worked mostly in Kolkata Mother Teresa
73%
Civil rights figure who refused to change her seat Rosa Parks
72%
Polish physicist and chemist. Winner of two Nobel prizes Marie Curie
71%
American singer, songwriter, and actress. Best selling female artist of all time. Uses one name Madonna
70%
German chancellor since 2005 and Time 2015 Person of the Year Angela Merkel
65%
American singer, songwriter, activist, fashion designer and actress. Meat dress and Twitter Lady Gaga
65%
French fashion designer and founder of a fashion label using her own name. Gained influence first in the 1920s. Coco Chanel
64%
First Lady, US Senator, US Secretary of State and possible candidate for 2016 presidential election Hillary Rodham Clinton
64%
Sense and Sensibility, Pride and Prejudice, Emma Jane Austen
64%
Barbados actress, singer and fashion designer. Uses only one name Rihanna
64%
American aviation pioneer. Flew across the Atlantic solo. Disappeared across the Pacific Amelia Earhart
63%
Married Prince William Catherine Middleton
63%
African American tennis player and one of the most successful of all times. Serena Williams
63%
US First Lady, cultural and fashion icon of the 60's. Jacqueline Kennedy Onassis
62%
Minor German princess who became Queen of Russia after her husband was assisinated Catherine the Great
61%
US artist and musician. Broke up the Beatles. Yoko Ono
59%
US actress, producer and humanitarian. Lara Croft:Tomb Raider Angelina Jolie
58%
British American actress. AIDS activist. Married Richard Burton twice. Elizabeth Taylor
58%
Mystery writer, Poirot and Miss Marple Agatha Christie
57%
American actress who married the Prince of Monaco Grace Kelly
57%
English author. Wuthering Heights Emily Bronte
56%
Actress in the 50s and 60s who later went to work for UNICEF Audrey Hepburn
55%
Blind and deaf advocate for human rights and social justice Helen Keller
55%
British nurse during the Crimean War. Improved hospital standards Florence Nightingale
54%
Colombian singer, model, dancer, and producer. Uses one name. Shakira
54%
American comedian, actress, and TV talk show host. TV show went by her first name Ellen DeGeneres
52%
American actress, model and singer. The Avengers, Lost in Translation, Girl with a Pearl Earring Scarlett Johansson
52%
Third Prime Minister of India 1966 - 1977, 1980 - 1984, killed by her Sikh bodyguards Indira Gandhi
50%
Devoted follower of Jesus. First witness to the resurrection Mary Magdalene
50%
Argentinian First Lady. Advocated for the poor. Portrayed in a biopic by #4 Eva Peron
49%
Spanish saint, mystic and writer St. Teresa of Avila
49%
British actress, dancer and singer. Mary Poppins. The Sound of Music Julie Andrews
48%
American actress. On Golden Pond. Guess Who's Coming to Dinner Katherine Hepburn
48%
1970s era tennis player who advocated for gender equality in sports Billie Jean King
41%
First Lady, human rights campaigner, diplomat, UN Human Rights committee Eleanor Roosevelt
41%
France's national diva. La Vie en rose. Non je ne regrette rien. Edith Piaf
40%
Swedish actress featured in Casablanca Ingrid Bergman
40%
African American actress. The Color Purple. Ghost. The View. Known by her first name. Whoopi Goldberg
40%
Dutch exotic dancer executed in WWI as a spy Mata Hari
39%
First female leader of a Muslim state, Prime Minister of Pakistan Benazir Bhutto
34%
French actress, dancer, singer and animal rights activist. Brigitte Bardot
33%
Wife of the Soviet leader who ended the Cold War. Works for Russian humanitaran causes Raisa Gorbachev
32%
Uncle Tom's Cabin. Anti-slavery campaigner Harriet Beecher Stowe
31%
Environmentalist and chimpanzee ethusiast Jane Goodall
31%
English conservationist and author of the Tales of Peter Rabbit Beatrix Potter
30%
Modern American poet and writer. Civil Rights leader. I Know Why the Caged Bird Sings. Recited "On the Pulse of the Morning" at Bill Clinton's inauguration Maya Angelou
30%
English modernist writer. Member of the Bloomsbury group. Orlando. A Room of One's Own. Killed herself by drawing. Virginia Woolf
30%
Czech and American tennis player. Dominated the 1970s Martina Navratilova
29%
Russian tennis player, model, and businesswoman. Won the Grand Slam in 2012 Maria Sharapova
28%
Ancient Greek Poet. One of the first female published writers. Sappho
28%
Hungarian born American actress and socialite Zsa Zsa Gabor
28%
Born in Kiev, grew up in Milwaukee, she became the fourth Prime Minister of Israel Golda Meir
27%
American actress in movies, TV, and theatre. All About Eve Bette Davis
26%
Queen of France who made her sons, John and Richard, kings of England Eleanor of Aquitaine
26%
British children's author. The Famous Five. Secret Seven Enid Blyton
26%
Campaigned against slavery and in favour of women and workers' rights. On the US dollar Susan B. Anthony
26%
American actress of the 40s and 50s. Married to Humphrey Bogart. How to Marry a Millionaire. Lauren Bacall
25%
French existentialist philosopher. Second Sex Simone de Beauvoir
25%
American jazz singer. First Lady of the Blues Billie Holiday
24%
Born into a famous Florence family she became the Queen of France at the age of 14 Catherine de Medici
24%
American 19th century female poet Emily Dickinson
24%
German American actress. Started in the silent film era. Marlene Dietrich
24%
British militant suffragette who used radical and violent tactics Emmeline Pankhurst
23%
French actress, artist and dancer. The English Patient. Chocolat Juliette Binoche
22%
Burmese democracy activist and Nobel Peace Prize winner Aung San Suu Kyi
21%
Yugoslavian-American tennis player. Won the French Open at 16. Career suffered after she was stabbed on the court. Monica Seles
21%
US tennis player. Dominated women's tennis in the 70s and early 80s. Chris Evert
19%
American cosmetics executive. The firm bears her name. Estee Lauder
18%
Pakistani schoolgirl and education advocate. Shot by the Taliban but survived and now campaigns worldwide. Known by her first name. Malala Yousafzai
18%
Romanian gymnast who was perfect at the Montreal Olympics. Nadia Comaneci
18%
British romantic novelist and playwright with a slightly moody or macabre touch. Rebecca. Don't Look Now. The Birds. Her last name is also a brand of Canadian cigarettes. Daphne duMaurier
16%
British writer of romance novels. Using a standard formula she could produce a book a month producing over 700 books and was one of the top selling novelist of all time. Barbara Cartland
15%
Australian feminist icon. Female Eunuch. Germaine Greer
15%
Russian ballet dancer. Toured the world with her own company. Famous for The Dying Swan Anna Pavlova
13%
British feminist and writer. A Vindication of the Rights of Woman Mary Wollstonecraft
13%
American actress, singer, playwright and comedian. Subject to censorship. Klondike Annie, Go West Young Man Mae West
11%
Polish Jew who helped found the German Communist party and died during the Spartacist revolt Rosa Luxemburg
10%
American feminist and civil rights advocate. Fought for women's right to vote and the temperance movement Elizabeth Cady Stanton
9%
UK businesswoman and environmentalist. Founded the Body Shop Anita Roddick
6%
Latin American poet. Won the Nobel Prize in 1945. Taught at Colombia, Vassar, and Middlebury Gabriela Mistral
4%
Kenyan environmentalist and winner of the Nobel Peace Prize. Wangari Maathai
3%
Irish activist. Together with Mairead Corrigan, she campaigned for end to sectarian violence in Northern Ireland. Betty Williams
2%
Indian mystic and poet. Devoted to Krishna and spirtual yoga Mirabai
2%
Iranian lawyer and human rights advocate. Winner of the Nobel Peace Prize Shirin Ebadi
2%
Canadian. First magistrate in British Empire. Had women declared legal persons Emily Murphy
1%
No matching quizzes found
Score Distribution
Percent of People with Each Score
Percentile by Number Answered
Your Score History
You have not taken this quiz since the last reset